| 000 | 02189cam a22005174i 4500 | ||
|---|---|---|---|
| 003 | PE-LiUPU | ||
| 005 | 20250731172717.0 | ||
| 008 | 150617s1980 sp r 000 0 spa d | ||
| 020 | _a8472284883 | ||
| 035 | _a(Sirsi) i9788472284883 | ||
| 040 |
_aPE-LiUPU _bspa _cPE-LiUPU _erda |
||
| 049 | _aPRUA | ||
| 082 | 0 | 4 |
_a240 _bR62 _221 |
| 100 | 1 |
_aRinker, Rosalind, _eautor. |
|
| 245 | 1 | 0 |
_aCómo celebrar el culto familiar / _cRosalind Rinker. |
| 264 | 1 |
_aBarcelona : _bClie, _c1980. |
|
| 300 |
_a171 páginas ; _c17 centímetros. |
||
| 336 |
_atext _2rdacontent |
||
| 337 |
_aunmediated _2rdamedia |
||
| 338 |
_avolume _2rdacarrier |
||
| 490 | 0 | _aLibros clie | |
| 505 | 0 | _a¿Me quiere mi papá? -- El milagro de dar y recibir amor -- ¿Qué necesita tu familia -- Beneficios de la oración y de la meditación -- Ser miembros de la familia -- Preguntas qué me hace la gente -- La presencia de Dios -- El milagro de la gratitud -- La confesión como poder sanador -- Orando en favor de otros?. | |
| 526 | _aSEG42 | ||
| 526 | _aSEG41 | ||
| 526 | _aSEG40 | ||
| 526 | _aSEG39 | ||
| 526 | _aP94 | ||
| 526 | _aP87 | ||
| 526 | _aP86 | ||
| 526 | _aP85 | ||
| 526 | _aP77 | ||
| 526 | _aP76 | ||
| 526 | _aP35 | ||
| 650 | 0 | 4 |
_aAdoración. _9831 |
| 650 | 0 | 4 | _aCulto familiar. |
| 910 |
_ajck _bjvq _cjck _d20150616 |
||
| 942 |
_2ddc _cBOOK |
||
| 949 |
_a240 R62 _wDEWEY _c1 _i19323 _d2016-6-1 _e2016-5-29 _lCCODEBUL1 _mBUL _n2 _r0 _sY _tBOOK _u2015-6-17 _xINGENIERIA _PP35 _0COMPRA _o.STAFF. Colección General |
||
| 949 |
_a240 R62 _wDEWEY _c2 _i19322 _d2016-6-7 _e2016-6-6 _mBUL _n6 _r0 _sY _tBOOK _u2015-6-17 _xTEOLOGIA _PP35 _0COMPRA _o.STAFF. Colección General |
||
| 994 |
_aC0 _bPEPRU |
||
| 596 | _a1 | ||
| 999 |
_a240 R62 _wDEWEY _c896 _i19323 _d896 _e2017-10-16 _f2021-11-10 _g5 _lCCODEBUL1 _mBUL _n3 _p10.00 _q2 _r0 _sY _tBOOK _u2015-6-17 _xTEOLOGIA _PP35 _0COMPRA _o.STAFF. Colección Teología |
||
| 999 |
_a240 R62 _wDEWEY _c2 _i19322 _d2018-10-1 _e2018-9-25 _f2021-11-10 _g5 _lCCODEBUL1 _mBUL _n7 _p15.00 _r0 _sY _tBOOK _u2015-6-17 _xTEOLOGIA _PP35 _0COMPRA _o.STAFF. Colección Teología |
||
| 980 |
_81 _gALBERTO SANCHEZ Responsable de Automatización |
||